Índices legislativos medievales para el estudio de las mujeres / (Record no. 188710)

MARC details
000 -LEADER
campo de control de longitud fija 00916nam a2200241 i 4500
001 - NÚMERO DE CONTROL
campo de control 188710
003 - IDENTIFICADOR DE NÚMERO DE CONTROL
campo de control SpMaBN
005 - FECHA Y HORA DE LA ÚLTIMA TRANSACCIÓN
campo de control 20240315144338.0
008 - DATOS DE LONGITUD FIJA--INFORMACIÓN GENERAL
campo de control de longitud fija 190207s2016 sp |||| | spa d
020 ## - NÚMERO INTERNACIONAL ESTÁNDAR DEL LIBRO
Número Internacional Estándar del Libro 153719691X
080 ## - NÚMERO DE LA CLASIFICACIÓN DECIMAL UNIVERSAL
Número de la Clasificación Decimal Universal 014.3:342.7-055.2(460)"12/15"
100 1# - ENTRADA PRINCIPAL--NOMBRE DE PERSONA
Nombre de persona Arias Bautista, María Teresa
9 (RLIN) 146469
Término indicativo de función/relación Autor
245 10 - MENCIÓN DEL TÍTULO
Título Índices legislativos medievales para el estudio de las mujeres /
Mención de responsabilidad, etc. María Teresa Arias Bautista.
260 ## - PUBLICACIÓN, DISTRIBUCIÓN, ETC.
Lugar de publicación, distribución, etc. Boadilla del Monte [Madrid :
Nombre del editor, distribuidor, etc. Mª Teresa Arias Bautista],
Fecha de publicación, distribución, etc. 2016.
300 ## - DESCRIPCIÓN FÍSICA
Extensión 110 p. ;
Dimensiones 23 cm.
500 ## - NOTA GENERAL
Nota general Índice.
504 ## - NOTA DE BIBLIOGRAFÍA, ETC.
Nota de bibliografía, etc. Bibliografía: p. 108-110.
650 07 - PUNTO DE ACCESO ADICIONAL DE MATERIA--TÉRMINO DE MATERIA
Término de materia o nombre geográfico como elemento de entrada Mujeres-
Subdivisión general Estatuto jurídico-
Subdivisión geográfica España.
9 (RLIN) 15286
852 ## - LOCALIZACIÓN
Ubicación ES-MaACL
Número de control de estantería A-14321
itemnumber 195844
Sublocalización o colección R.151551
Ubicación en estantería Depósito 1
Signatura antigua Olim: N-7321
Donativo/Legado Donación: María Teresa Arias Bautista
903 ## - NOMBRE PERSONAL DE DONANTE
a Arias Bautista, María Teresa
e Donante
9 146469
942 ## - ELEMENTOS DE ENTRADA SECUNDARIOS (KOHA)
Fuente del sistema de clasificación o colocación Clasificación decimal universal
Tipo de ítem Koha Libro impreso
Holdings
Estatus retirado Estado de pérdida Fuente del sistema de clasificación o colocación Estado de daño No para préstamo Biblioteca de origen Biblioteca actual Ubicación en estantería Fecha de adquisición Fuente de adquisición Número de control de estantería Total de préstamos Signatura topográfica completa Código de barras Visto por última vez Tipo de ítem Koha
    Clasificación decimal universal     Biblioteca del Ateneo de Madrid Biblioteca del Ateneo de Madrid Depósito 1 07/02/2019 Donación 1   A-14321 1199825 23/02/2023 Libro impreso